banner-ar

قضايا ومشكلات حيوية فى التربية العملية: (تهم المشرفة والمعلمة وطالبة التربية العملية) / (Record no. 42279)

MARC details
000 -الفاتح
حقل البيانات ثابتة الطول 00648nam a2200193Ia 4500
008 - عناصر البيانات ثابتة الطول - معلومات عامة
حقل البيانات ثابتة الطول 140319s9999 xx 000 0 ara d
040 ## - مصدر الفهرسة
وكالة الفهرسة الأصلية GCL /
وكالة النسخ GCL
082 04 - رقم تصنيف ديوى العشرى
رقم التصنيف 370.71
رقم المادة ن ق
100 1# - المدخل الرئيسى - إسم شخصى
الإسم الشخصى نظلة حسن احمد خضر
245 10 - بيان العنوان
العنوان قضايا ومشكلات حيوية فى التربية العملية: (تهم المشرفة والمعلمة وطالبة التربية العملية) /
بيان المسئوليه,etc نظلة حسن احمد خضر
300 ## - الوصف المادى
التعداد 68 ص
490 ## - بيان السلسلة
عنوان السلسلة كتاب
رقم المجلد/ التعيين التسلسلي 0
650 04 - المدخل الاضافى بالموضوع-مصطلح موضوعى
مصطلح موضوعي التربية
650 04 - المدخل الاضافى بالموضوع-مصطلح موضوعى
مصطلح موضوعي التعلم
650 04 - المدخل الاضافى بالموضوع-مصطلح موضوعى
مصطلح موضوعي الطلاب
650 04 - المدخل الاضافى بالموضوع-مصطلح موضوعى
مصطلح موضوعي المدرسون - تدريب
942 ## - عناصر المدخل الإضافي( كوها)
مصدر التصنيف او مخطط الترفيف Dewey Decimal Classification
Koha [default] item type كتاب
Holdings
حالة التراجع حالة الفقد حالة تلف ليس للاعارة المكان المؤقت الموقع الحالى تاريخ الاكتساب اجمالي اﻻعارات رقم الطلب الباركود تاريخ اخر مشاهدة تاريخ تفعيل السعر نوع وعاء كوها
        مكتبة القاهرة الكبرى مكتبة القاهرة الكبرى 03/26/2014   370.71\ن ق 102146 03/26/2014 03/26/2014 كتاب

Powered By

EGPV